=LDR 00000nam 2200000 4500 =001 INLIS000000000045456 =005 20150202135814.0 =006 =007 =008 =020 ##$$a 978-602-8123-37-2 =035 ##$$0010-021500000000016 =040 ##$$a NBPDMAT =082 ##$$a 372.35 =090 ##$$a 372.35 $b Dia c =100 ##$$a Dian Malini Oktovina =245 ##$$a Cakrawala Sains : $b Serba Serbi Energi/ $c oleh Dian Malini Oktoviana =260 ##$$aJakarta : $b Nobel Edumedia, $c 2008 =300 ##$$a 56 hlm. : $b ilus. ; $c 25 cm. =500 ##$$a Bibliografi : hlm.55 - 56 =650 ##$$a Sains =850 ##$$a NBPDMAT